|
003 -Nazwa inst., której nr kontr. jest w polu 001 [,]
|
-
- @
- Nazwa instytucji, której n kontrolny jest w polu 001
- NUKAT
|
|
005 -DATA I CZAS OSTATNIEJ MODYFIKACJI [,]
|
-
- @
- pole kontrolne
- 20241231085519.0
|
|
020 -Międzynarod. znormalizowany nr książki - ISBN [ , ]
|
-
- a
- Numer ISBN
- 9639302643
-
|
|
020 -Międzynarod. znormalizowany nr książki - ISBN [ , ]
|
-
- a
- Numer ISBN
- 8321113745
-
|
|
040 -Instytucja sporządzająca opis [ , ]
|
-
- a
- Instytucja, która sporządziła opis (NP)
- KR 303/DW
-
- c
- Instytucja, która sporządziła rekord (NP)
- KR 303/DW
-
- d
- Instytucja, która zmodyfikowała rekord (P)
- KR 303/DW
-
- d
- Instytucja, która zmodyfikowała rekord (P)
- KR 303/RAMs
-
- d
- Instytucja, która zmodyfikowała rekord (P)
- U/TKs
-
- d
- Instytucja, która zmodyfikowała rekord (P)
- SZCZ U/KP
|
|
041 -Język dokumentu [1, ]
|
-
- a
- Język tekstu (P)
- polski
-
- h
- Język tekstu oryginalnego i/lub pośredniego (P)
- węgierski
|
|
044 -Kraj miejsca wydania [ , ]
|
-
- a
- Kraj miejsca wydania
- Węgry
-
- a
- Kraj miejsca wydania
- Polska
|
|
942 -Rodzaj dokumentu [ , ]
|
-
- c
- Rodzaj dokumentu
- Książka
|
|
080 -Uniwersalna Klasyfikacja Dziesiętna [ , ]
|
-
- 2
- Identyfikator wydania tablic
- UDC-P058
-
-
- a
- Symbol klasyfikacji
- 94(439)
-
- b
- Dopowiedzenie
- Historia. Węgry. Republika Węgierska.
-
-
-
- c
- Dopowiedzenie poddz. wspólnego
- Lata 1990/1999.
|
|
080 -Uniwersalna Klasyfikacja Dziesiętna [ , ]
|
-
- 2
- Identyfikator wydania tablic
- UDC-P058
-
-
- a
- Symbol klasyfikacji
- 316.422
-
- b
- Dopowiedzenie
- Reforma. Transformacja. Innowacje. Modernizacja. Postęp. Postęp naukowo-techniczny.
-
-
-
- c
- Dopowiedzenie poddz. wspólnego
- (Węgry).
|
|
080 -Uniwersalna Klasyfikacja Dziesiętna [ , ]
|
-
- 2
- Identyfikator wydania tablic
- UDC-P058
-
-
- a
- Symbol klasyfikacji
- 338.24.021.8
-
- b
- Dopowiedzenie
- Reformy gospodarcze. Transformacja gospodarki. Restrukturyzacja gospodarki. Konwersja gospodarki.
-
-
-
- c
- Dopowiedzenie poddz. wspólnego
- (Węgry).
|
|
650 -Hasło przedmiotowe [ ,7]
|
-
- a
- Hasło przedmiotowe
- Zmiana społeczna
-
- z
- Określnik geograficzny
- Węgry
-
- y
- Określnik chronologiczny
- 1990-.
-
-
|
|
651 -Hasło przedmiotowe w formie nazwy geograficznej [ ,7]
|
-
- a
- Nazwa geograficzna
- Węgry
-
- y
- Określnik chronologiczny
- 1989-.
-
-
|
|
980 -Symbol UKD [ , ]
|
-
- a
- UKD
- 94(439)"199":[316.422:338.24.021.8](439)
|
|
700 -Hasło dodatkowe - nazwa osobowa [1, ]
|
-
- a
- Nazwa osobowa (NP)
- Schmidt, Mária
-
- d
- Daty biograficzne (NP)
- (1953- ).
-
- e
- Określenie rodzaju współpracy
- Red.
-
|
|
700 -Hasło dodatkowe - nazwa osobowa [1, ]
|
-
- a
- Nazwa osobowa (NP)
- Tóth, László Gy.
-
- d
- Daty biograficzne (NP)
- (1948- ).
-
- e
- Określenie rodzaju współpracy
- Red.
-
|
|
700 -Hasło dodatkowe - nazwa osobowa [1, ]
|
-
- a
- Nazwa osobowa (NP)
- Szalai, Attila
-
- d
- Daty biograficzne (NP)
- (1950- ).
-
- e
- Określenie rodzaju współpracy
- Red.
-
|
|
700 -Hasło dodatkowe - nazwa osobowa [1, ]
|
-
- a
- Nazwa osobowa (NP)
- Cygielska-Guttman, Elżbieta.
-
- e
- Określenie rodzaju współpracy
- Tł.
-
|
|
710 -Hasło dodatkowe - nazwa ciała zbiorowego [2, ]
|
-
- a
- Nazwa ciała zbiorowego lub nazwa geograficzna jako pierwszy element (NP)
- Instytut Wydawniczy "Pax".
-
-
|
|
710 -Hasło dodatkowe - nazwa ciała zbiorowego [2, ]
|
-
- a
- Nazwa ciała zbiorowego lub nazwa geograficzna jako pierwszy element (NP)
- Kairosz (Budapeszt).
-
-
|